000 00311nam a22001337a 4500
008 181012b xxu||||| |||| 00| 0 eng d
020 _a0876204183
041 _aeng
080 _a316
100 _a50
101 _aSOC
245 _aInequality: Priviledge & Poverty in America
_cTurner, J.H
942 _2udc
_cBK
999 _c49582
_d49582